| 000 | 01020nam a2200229Ia 4500 | ||
|---|---|---|---|
| 001 | 3736 | ||
| 003 | OSt | ||
| 005 | 20250228142423.0 | ||
| 008 | 241024s2012 dr a fdp 000 0 und d | ||
| 020 | _a2306-143x | ||
| 040 |
_aCGID0034 _bspa _cCGID0034 _erda |
||
| 082 | _aRD/371.3/R426m/2012/1 | ||
| 100 | _aRepública Dominicana.Ministerio de Educación IDEICE | ||
| 245 | 0 | _aMemoria 2do Pre congreso ISFODOSU-IDEICE | |
| 260 |
_bSanto Domingo _c2012 |
||
| 505 | _aBajo la cobertura de la alianza estratégica entre el Instituto Superior de Formación Docente, ISFODOSU, y el Instituto Dominicano de Evaluación e Investigación de la Calidad Educativa, IDEICE, se realiza el 2do. Pre - congreso ISFODOSU-IDEICE 2012 | ||
| 710 | _a IDEICE, Instituto Dominicano de Evaluación e Investigación de la Calidad Educativa | ||
| 856 | _uhttps://ideice.gob.do/documentacion/publicaciones-id-p6-56-memoria-2do-pre-congreso-isfodosu-ideice-2012 | ||
| 901 | _a20/3/2014 10:37:41 a.m. | ||
| 942 |
_2ddc _cINV _n0 |
||
| 999 |
_c8839 _d8839 |
||